000
00221 a2200097 4500
001
23073
100
_a
Markus, J
245
_a
Hand of Electronic Control Circuits
260
_a
_b
McGraw-Hill
_c
1959
090
_c
15615
_d
15615
942
_a
NUST-CAE
_c
M
_c
6242
999
_c
258146
_d
258146